Bilingualism in the barrio

Guardado en:
Detalles Bibliográficos
Autores principales: Fishman, Joshua A (Autor), Cooper, Robert L (Autor), Ma, Roxana (Autor)
Formato: Libro
Lenguaje:inglés
Publicado: Bloomington Indiana University 1971
Colección:Language Science Monographs, 7
Materias:
Etiquetas: Agregar Etiqueta
Sin Etiquetas, Sea el primero en etiquetar este registro!

MARC

LEADER 00000nam a2200000 a 4500
001 UCT1762
003 CL-VaPUC
008 961004e19710000US |||||||||||||||||eng|d
082 0 4 |a 404.2  |b FIS  |2 21 
100 0 |a Fishman, Joshua A  |e author  |9 370835 
700 0 |a Cooper, Robert L  |e author  |9 370836 
700 0 |a Ma, Roxana  |e author  |9 370837 
245 1 0 |a Bilingualism in the barrio 
300 |a 696 p 
942 |c BK 
945 |d 19961004 00:00:00  |a rleighto 
260 |a Bloomington  |b Indiana University  |c 1971 
650 0 |a Bilingüismo  |9 307482 
650 0 |a Lenguaje y lenguas  |9 265846 
650 0 |a Sociolingüística  |9 263716 
650 0 |a Educación bilingüe  |9 311405 
650 0 |a Psicolingüística   |9 283371 
650 0 |a Educación lingüística  |9 306506 
583 |a last modification  |c 20170822 12:11:11  |k Rodrigo Vera 
490 0 |a Language Science Monographs, 7 
999 |c 252213  |d 252211 
952 |0 0  |1 0  |4 0  |6 404_200000000000000_FIS_1971  |7 0  |8 A  |9 271948  |a FDOPOS  |b FDOPOS  |d 2019-11-19  |i 3235513  |o 404.2 FIS 1971  |p 3235513  |r 2025-01-22  |w 2019-11-19  |y BK  |k MLA